| 000 | 00767nam a2200241Ia 4500 | ||
|---|---|---|---|
| 003 | IN-BaIIA | ||
| 008 | 211028s9999 xx 000 0 eng d | ||
| 020 | _a90-277-0682-4 | ||
| 040 | _cIIA Library | ||
| 080 |
_a082.2:52 _bIAU-S73 |
||
| 245 | 0 |
_aStructure and evolution of close binary systems _cedited by Peter Eggleton, Simon Mitton, and John Whelan. |
|
| 260 |
_aDordrecht _bD. Reidel Publishing _c1976 |
||
| 300 | _axii, 414p. | ||
| 650 | _aAstronomy and Astrophysics Thesaurus | ||
| 650 |
_aBinary systems _91186 |
||
| 650 |
_aClose binary stars _93592 |
||
| 650 | _aStellar evolution | ||
| 650 | _aStellar structure | ||
| 700 |
_aEggleton, Peter., ed. _99669 |
||
| 700 |
_aMitton, Simon., ed. _99670 |
||
| 700 |
_aWhelan, John., ed. _99671 |
||
| 942 | _cBK | ||
| 999 |
_c5562 _d5562 |
||